لے سنا س بھی آہستہ :نا و ل (Record no. 87349)

MARC details
000 -LEADER
fixed length control field 01329nam a22002777a 4500
005 - DATE AND TIME OF LATEST TRANSACTION
control field 20170410144606.0
008 - FIXED-LENGTH DATA ELEMENTS--GENERAL INFORMATION
fixed length control field 140714b xxu||||| |||| 00| 0 Urdu d
010 ## - LCCN (DPL NO)
LC control number UR-116 B-547993-996 B-665893
020 ## - INTERNATIONAL STANDARD BOOK NUMBER
International Standard Book Number 9789350731260
Terms of availability 400.00
035 ## - SYSTEM CONTROL NUMBER
System control number U-116 B-547993-996 B-665893
037 ## - SOURCE OF ACQUISITION
Source of stock number/acquisition BPPD/Pub/Ven
037 ## - SOURCE OF ACQUISITION
Source of stock number/acquisition Pansy Books(Vend./Edu.pub.House(Pub.)
040 ## - CATALOGING SOURCE
Original cataloging agency DPL
Language of cataloging Urdu
082 ## - DEWEY DECIMAL CLASSIFICATION NUMBER
Classification number ن
100 ## - MAIN ENTRY--PERSONAL NAME
Personal name مشر ف عا لم ذ و قی
245 ## - TITLE STATEMENT
Title لے سنا س بھی آہستہ :نا و ل
Statement of responsibility, etc مشر ف عا لم ذ و قی
246 ## - VARYING FORM OF TITLE
Title proper/short title Le Saans Bhi Aahista
Remainder of title by Musharaf Aalam Zauqui
260 ## - PUBLICATION, DISTRIBUTION, ETC. (IMPRINT)
Place of publication, distribution, etc د ھلی
Name of publisher, distributor, etc ا يجو کيشنل پبليشنگ ہا ؤس
Date of publication, distribution, etc 2013
260 ## - PUBLICATION, DISTRIBUTION, ETC. (IMPRINT)
Name of publisher, distributor, etc Pansy Books(Vender)
270 ## - ADDRESS
Address 3108،و کيل اسٹر يٹ ،کو چہ پنڈ ت ،لال کنو ا ن
City د ھلی
Postal code 110006
Telephone number 23216162،23214465
270 ## - ADDRESS
Address R2,/66/A Somesh Vihar,Chhawala
City New Delhi
Postal code 110071
Telephone number 01125317355
300 ## - PHYSICAL DESCRIPTION
Extent 480ص
Dimensions 22Cm (Hb)
942 ## - ADDED ENTRY ELEMENTS (KOHA)
Source of classification or shelving scheme Dewey Decimal Classification
Item type Urdu Bks
Edition
Classification part ن
Call number suffix م ش ر
Holdings
Withdrawn status Lost status Source of classification or shelving scheme Damaged status Not for loan Collection code Home library Current library Date acquired Source of acquisition Cost, normal purchase price Total Checkouts Full call number Barcode Date last seen Copy number Cost, replacement price Koha item type Total Renewals
    Dewey Decimal Classification     Fiction Ashok Vihar Ashok Vihar 10/04/2017 BPPD/UR/2014-15/AV/16-17/656/17.217//P/1638/6.3.17/8.3.17 400.00   ن م ش ر B-665893 10/04/2017 1 400.00 Urdu Bks  
    Dewey Decimal Classification     Fiction Central Library Central Library 18/11/2014 BPPD/UR/2014-15/125/01-08-2014/1469/14/08/2014/2/09/2014 400.00 7 ن م ش ر B-547993 07/12/2022 1 400.00 Urdu Bks  
    Dewey Decimal Classification     Fiction Patel Nagar Patel Nagar 18/11/2014 BPPD/UR/2014-15/125/01-08-2014/1469/14/08/2014/2/09/2014 400.00   ن م ش ر B-547994 18/11/2014 1 400.00 Urdu Bks  
    Dewey Decimal Classification     Fiction Sarojini Nagar Sarojini Nagar 18/11/2014 BPPD/UR/2014-15/125/01-08-2014/1469/14/08/2014/2/09/2014 400.00 1 ن م ش ر B-547995 07/12/2021 1 400.00 Urdu Bks 2
    Dewey Decimal Classification     Fiction Shahdara Branch Shahdara Branch 18/11/2014 BPPD/UR/2014-15/125/01-08-2014/1469/14/08/2014/2/09/2014 400.00   ن م ش ر B-547996 18/11/2014 1 400.00 Urdu Bks  

© Delhi Public Library
Hit Counter
free hit counter